[Event "GER-ch U25 op-A"]
[Site "Oberhof"]
[Date "2013.05.24"]
[Round "8"]
[White "Klosa, Kevin"]
[Black "Wendler, Simon"]
[Result "0-1"]
[WhiteElo "1668"]
[BlackElo "1413"]
[PlyCount "56"]
[EventDate "2013.05.19"]
[EventType "swiss"]
[EventRounds "9"]
[EventCountry "GER"]
[SourceTitle "CBM 154 Extra"]
[Source "ChessBase"]
[SourceDate "2013.06.25"]
[SourceVersion "2"]
[SourceVersionDate "2013.06.25"]
[SourceQuality "1"]

1. d4 d5 2. c4 e6 3. Nc3 c5 4. cxd5 exd5 5. Nf3 Nc6 6. Bf4 Nf6 7. e3 Bf5 8. Be2 Bd6 9. Bxd6 Qxd6 10. Nb5 Qd8 11. dxc5 0-0 12. 0-0 a6 13. Nbd4 Bg6 14. Qa4 Rc8 15. Rac1 Ne4 16. Rfd1 Qe7 17. b4 Rfe8 18. Nxc6 Rxc6 19. Rxd5 Nxf2 20. Qb3 Re6 21. e4 Nxe4 22. Rdd1 Nxc5 23. bxc5 Rxe2 24. Re1 Rxe1+ 25. Nxe1 Qg5 26. Qc3 Be4 27. Qb2 Bc6 28. Qc3 Rxe1+ 0-1

[Event "GER-ch U25 op-A"]
[Site "Oberhof"]
[Date "2013.05.21"]
[Round "4"]
[White "Klosa, Kevin"]
[Black "Meiser, Michael"]
[Result "1/2-1/2"]
[WhiteElo "1668"]
[BlackElo "1931"]
[PlyCount "49"]
[EventDate "2013.05.19"]
[EventType "swiss"]
[EventRounds "9"]
[EventCountry "GER"]
[SourceTitle "CBM 154 Extra"]
[Source "ChessBase"]
[SourceDate "2013.06.25"]
[SourceVersion "2"]
[SourceVersionDate "2013.06.25"]
[SourceQuality "1"]

1. e4 c5 2. Nf3 Nc6 3. d4 cxd4 4. Nxd4 e6 5. a3 d6 6. Nc3 Nf6 7. Be3 Be7 8. Be2 a6 9. Qd2 Nxd4 10. Bxd4 b5 11. Rd1 0-0 12. Bxf6 Bxf6 13. Qxd6 Qxd6 14. Rxd6 Bb7 15. f3 Rfc8 16. Rd3 Rc7 17. Kf2 Kf8 18. Rhd1 Ke8 19. Ke3 Rcc8 20. Kd2 Be7 21. Rf1 b4 22. axb4 Bxb4 23. Ra1 a5 24. Kd1 Ke7 25. Kc1 1/2-1/2

[Event "Lippe Cup-B 07th"]
[Site "Lieme"]
[Date "2010.10.15"]
[Round "1"]
[White "Klosa, Kevin"]
[Black "Rockmann, Jan Okke"]
[Result "1-0"]
[WhiteElo "1601"]
[BlackElo "1247"]
[PlyCount "55"]
[EventDate "2010.10.15"]
[EventType "swiss"]
[EventRounds "5"]
[EventCountry "GER"]
[SourceTitle "EXT 2012"]
[Source "ChessBase"]
[SourceDate "2011.11.24"]
[SourceVersion "1"]
[SourceVersionDate "2011.11.24"]
[SourceQuality "1"]

1. e4 e6 2. d4 d5 3. exd5 exd5 4. Bf4 Nc6 5. Nf3 Bg4 6. c3 a6 7. Bd3 Nf6 8. Nbd2 Be7 9. Qc2 0-0 10. 0-0 Bh5 11. Ne5 Nxe5 12. dxe5 Nd7 13. Bxh7+ Kh8 14. Bf5 Bg5 15. Bxg5 Qxg5 16. Bxd7 Qxe5 17. Qf5 Qe2 18. Qxd5 c6 19. Qc5 b6 20. Qf5 Bg6 21. Qh3+ Kg8 22. Nb3 Qxb2 23. Bxc6 Rac8 24. Qf3 Rc7 25. Rfe1 f6 26. Bd5+ Bf7 27. Bxf7+ Rfxf7 28. Re8+ 1-0

[Event "GER-ch U25"]
[Site "Oberhof"]
[Date "2010.05.23"]
[Round "2"]
[White "Celmer, Ole"]
[Black "Klosa, Kevin"]
[Result "0-1"]
[WhiteElo "1671"]
[BlackElo "1493"]
[PlyCount "88"]
[EventDate "2010.05.22"]
[EventType "swiss"]
[EventRounds "9"]
[EventCountry "GER"]
[SourceTitle "CBM 136 Extra"]
[Source "ChessBase"]
[SourceDate "2010.07.02"]
[SourceVersion "2"]
[SourceVersionDate "2010.07.15"]
[SourceQuality "1"]

1. e4 e5 2. Nf3 Nc6 3. Bc4 Bc5 4. c3 Nf6 5. d3 d6 6. 0-0 Be6 7. Bb3 Ne7 8. Bg5 Ng6 9. Nbd2 h6 10. Be3 Bb6 11. h3 Qd7 12. Bxe6 fxe6 13. d4 exd4 14. cxd4 0-0 15. Qc2 Qf7 16. Rfe1 Rac8 17. b4 Nd7 18. Nc4 d5 19. Ncd2 c6 20. e5 Qf5 21. Qc3 Nf4 22. Bxf4 Qxf4 23. a4 Kh8 24. Rf1 g5 25. Nb3 g4 26. hxg4 Qxg4 27. Qe3 Qf4 28. Qxf4 Rxf4 29. a5 Bd8 30. Rfc1 Be7 31. Nc5 Nxc5 32. bxc5 Bg5 33. Rcb1 Rc7 34. Nxg5 hxg5 35. Rb4 Rh4 36. Rab1 Rhh7 37. f3 Kg8 38. Kf2 a6 39. Kg3 Kf8 40. f4 gxf4+ 41. Kxf4 Rcf7+ 42. Kg3 Rhg7+ 43. Kh2 Rf2 44. R1b2 Rgxg2+ 0-1

[Event "Niedersachsen-ch open"]
[Site "Verden"]
[Date "2010.01.03"]
[Round "2.56"]
[White "Merettig, Georg"]
[Black "Klosa, Kevin"]
[Result "1-0"]
[WhiteElo "1958"]
[BlackElo "1416"]
[PlyCount "43"]
[EventDate "2010.01.03"]
[EventType "swiss"]
[EventRounds "7"]
[EventCountry "GER"]
[SourceTitle "EXT 2012"]
[Source "ChessBase"]
[SourceDate "2011.11.24"]
[SourceVersion "1"]
[SourceVersionDate "2011.11.24"]
[SourceQuality "1"]

1. Nc3 d5 2. e4 Nf6 3. e5 Nfd7 4. d4 Nb6 5. f4 Bf5 6. Bd3 Bxd3 7. Qxd3 e6 8. Nf3 c5 9. 0-0 Nc6 10. Kh1 Rc8 11. f5 cxd4 12. Nxd4 Nxe5 13. Qe2 Nbd7 14. fxe6 fxe6 15. Nxe6 Qe7 16. Nd4 Nf6 17. Bg5 Ned7 18. Qd2 Qb4 19. Rae1+ Kf7 20. Qe3 Bc5 21. Qe6+ Kg6 22. Qf5+ 1-0

[Event "GER-ch U25 op"]
[Site "Willingen"]
[Date "2009.06.03"]
[Round "6"]
[White "Klosa, Kevin"]
[Black "Popp, Maximilian"]
[Result "0-1"]
[WhiteElo "1453"]
[BlackElo "1704"]
[PlyCount "48"]
[EventDate "2009.05.30"]
[EventType "swiss"]
[EventRounds "9"]
[EventCountry "GER"]
[SourceTitle "EXT 2010"]
[Source "ChessBase"]
[SourceDate "2010.11.25"]
[SourceVersion "1"]
[SourceVersionDate "2010.11.25"]
[SourceQuality "1"]

1. e4 e6 2. d4 d5 3. exd5 exd5 4. Nf3 Bd6 5. Bd3 Bg4 6. 0-0 Ne7 7. Bg5 f6 8. Bh4 Nbc6 9. c3 Qd7 10. Nbd2 0-0-0 11. b4 Rde8 12. a4 g5 13. Bg3 h5 14. a5 h4 15. Bxd6 Qxd6 16. b5 Nb8 17. Qb3 Reg8 18. Rfb1 Bxf3 19. Nxf3 g4 20. Ne1 g3 21. fxg3 hxg3 22. h3 Qf4 23. Nf3 Qe3+ 24. Kh1 Rxh3+ 0-1

[Event "GER-ch U25 op"]
[Site "Willingen"]
[Date "2009.06.02"]
[Round "4"]
[White "Klosa, Kevin"]
[Black "Mehling, Franziska"]
[Result "1-0"]
[WhiteElo "1453"]
[BlackElo "1257"]
[PlyCount "83"]
[EventDate "2009.05.30"]
[EventType "swiss"]
[EventRounds "9"]
[EventCountry "GER"]
[SourceTitle "EXT 2010"]
[Source "ChessBase"]
[SourceDate "2010.11.25"]
[SourceVersion "1"]
[SourceVersionDate "2010.11.25"]
[SourceQuality "1"]

1. e4 c5 2. Nf3 d6 3. d4 cxd4 4. Nxd4 Nf6 5. Nc3 g6 6. Be3 Bg7 7. f3 0-0 8. Qd2 Nc6 9. Be2 Bd7 10. 0-0-0 a6 11. h4 b5 12. g4 Qa5 13. Nb3 Qc7 14. Bh6 Rfc8 15. Bxg7 Kxg7 16. h5 Nb4 17. hxg6 fxg6 18. a3 Nc6 19. Qh6+ Kf7 20. g5 Nh5 21. Qxh7+ Ng7 22. Qh2 Nh5 23. f4 Rh8 24. Qf2 Raf8 25. Bxh5 gxh5 26. Rdg1 Bg4 27. Nd5 Qd8 28. Ne3 Bd7 29. Ng2 Ke8 30. Nh4 Rfg8 31. Qd2 Qc7 32. Nd4 Nxd4 33. Qxd4 Bg4 34. Qf2 Rh7 35. Qd2 Qc6 36. Qd3 e5 37. g6 Rhg7 38. f5 Rd7 39. Rf1 d5 40. Qb3 Kf8 41. f6 dxe4 42. g7+ 1-0

[Event "GER North-chT U16"]
[Site "Magdeburg"]
[Date "2006.08.28"]
[Round "5.3"]
[White "Faden, Maximilian"]
[Black "Klosa, Kevin"]
[Result "1-0"]
[WhiteElo "859"]
[BlackElo "1039"]
[PlyCount "53"]
[EventDate "2006.08.26"]
[EventType "team-tourn"]
[EventRounds "7"]
[EventCountry "GER"]
[SourceTitle "EXT 2007"]
[Source "ChessBase"]
[SourceDate "2006.11.23"]
[SourceVersion "1"]
[SourceVersionDate "2006.11.23"]
[SourceQuality "1"]

1. e4 e5 2. Nf3 Nc6 3. Bc4 Bc5 4. c3 Nf6 5. d4 Bd6 6. dxe5 Nxe5 7. Nxe5 Bxe5 8. Bg5 h6 9. Bh4 0-0 10. 0-0 c6 11. f4 Bc7 12. e5 Bb6+ 13. Kh1 d5 14. Bd3 Qd7 15. exf6 Bd8 16. fxg7 Kxg7 17. Bxd8 Qxd8 18. f5 f6 19. Qg4+ Kh8 20. Qg6 Re8 21. Nd2 Qc7 22. Rf3 b6 23. Qxe8+ Kh7 24. Qg6+ Kh8 25. Rg3 Qh7 26. Qxf6+ Qg7 27. Qxg7# 1-0

[Event "GER North-chT U16"]
[Site "Magdeburg"]
[Date "2006.08.27"]
[Round "3.3"]
[White "Liebe, Luca"]
[Black "Klosa, Kevin"]
[Result "0-1"]
[WhiteElo "751"]
[BlackElo "1039"]
[PlyCount "152"]
[EventDate "2006.08.26"]
[EventType "team-tourn"]
[EventRounds "7"]
[EventCountry "GER"]
[SourceTitle "EXT 2007"]
[Source "ChessBase"]
[SourceDate "2006.11.23"]
[SourceVersion "1"]
[SourceVersionDate "2006.11.23"]
[SourceQuality "1"]

1. e4 e5 2. Nf3 Nc6 3. Bc4 Bc5 4. Nc3 Nf6 5. d3 d6 6. Be3 h6 7. Qe2 Nd4 8. Bxd4 Bxd4 9. Nxd4 exd4 10. Nd5 0-0 11. 0-0-0 c6 12. Nxf6+ Qxf6 13. Qf3 Qg5+ 14. Kb1 Bg4 15. Qg3 Bxd1 16. Qxg5 Bxc2+ 17. Kxc2 hxg5 18. h4 gxh4 19. Rxh4 b5 20. Bb3 a5 21. Kb1 a4 22. Bd1 a3 23. Bb3 Rfc8 24. f4 c5 25. Bd5 Ra7 26. e5 Re7 27. g3 dxe5 28. fxe5 Rxe5 29. Bb3 c4 30. dxc4 bxc4 31. Rxd4 cxb3 32. axb3 Ree8 33. bxa3 Red8 34. Rxd8+ Rxd8 35. Kb2 Rd3 36. a4 Rxg3 37. Ka3 f5 38. a5 Rg6 39. b4 f4 40. b5 Rg3+ 41. Ka4 f3 42. a6 f2 43. a7 f1Q 44. a8Q+ Kh7 45. Qe4+ Kh6 46. Qh4+ Kg6 47. Qxg3+ Kf7 48. Qb3+ Kf8 49. b6 Qa6+ 50. Kb4 Qxb6+ 51. Ka3 Qxb3+ 52. Kxb3 Kf7 53. Kc2 Kf6 54. Kd2 Kg5 55. Ke2 Kg4 56. Kf2 Kf4 57. Kg2 Kg4 58. Kf2 g6 59. Kg2 g5 60. Kf2 Kh3 61. Kg1 Kg3 62. Kf1 g4 63. Kg1 Kh3 64. Kh1 g3 65. Kg1 g2 66. Kf2 Kh2 67. Ke2 g1Q 68. Kd2 Qd4+ 69. Ke2 Qc3 70. Kf2 Kh3 71. Ke2 Kg4 72. Kf2 Qf3+ 73. Ke1 Qg2 74. Kd1 Kf3 75. Kc1 Ke3 76. Kd1 Qd2# 0-1